Online
Catalog

Los raros / (Record no. 18159)

MARC details
000 -CABECERA
campo de control de longitud fija 00718cam a2200253 a 4500
001 - NÚMERO DE CONTROL
campo de control 000018639
005 - FECHA Y HORA DE LA ÚLTIMA TRANSACCIÓN
campo de control 20200929165832.0
008 - DATOS DE LONGITUD FIJA--INFORMACIÓN GENERAL
campo de control de longitud fija 801112s19uu sp 000 e spa d
035 ## - NÚMERO DE CONTROL DEL SISTEMA
Número de control de sistema (DLC) 17000378
035 ## - NÚMERO DE CONTROL DEL SISTEMA
Número de control de sistema (OCoLC)6929720
040 ## - FUENTE DE LA CATALOGACIÓN
Centro catalogador/agencia de origen DO-SdBNP
Centro/agencia transcriptor OCl
Centro/agencia modificador DLC
-- BNPHU
082 ## - NÚMERO DE LA CLASIFICACIÓN DECIMAL DEWEY
Número de clasificación N864.3
Número de documento/Ítem D218r, 1920
049 ## - FONDOS LOCALES (OCLC)
Fondos de biblioteca BNGR
100 1# - ENTRADA PRINCIPAL--NOMBRE DE PERSONA
Nombre de persona Darío, Rubén,
Fechas asociadas al nombre 1867-1916
9 (RLIN) 15535
245 14 - MENCIÓN DE TÍTULO
Título Los raros /
Mención de responsabilidad, etc. Rubén Darío.
250 ## - MENCIÓN DE EDICIÓN
Mención de edición 4a ed.
260 ## - PUBLICACIÓN, DISTRIBUCIÓN, ETC.
Lugar de publicación, distribución, etc. Barcelona :
Nombre del editor, distribuidor, etc. Maucci,
Fecha de publicación, distribución, etc. 19??.
300 ## - DESCRIPCIÓN FÍSICA
Extensión vi, 247 p. ;
Dimensiones 19 cm.
650 #4 - PUNTO DE ACCESO ADICIONAL DE MATERIA--TÉRMINO DE MATERIA
Término de materia o nombre geográfico como elemento de entrada Ensayos nicaragüenses
9 (RLIN) 22333
650 #4 - PUNTO DE ACCESO ADICIONAL DE MATERIA--TÉRMINO DE MATERIA
Término de materia o nombre geográfico como elemento de entrada Poesía nicaragüense
9 (RLIN) 8179
650 #4 - PUNTO DE ACCESO ADICIONAL DE MATERIA--TÉRMINO DE MATERIA
Término de materia o nombre geográfico como elemento de entrada Literatura nicaragüense
9 (RLIN) 8122
910 ## - DATOS DE OPCIÓN DEL USUARIO (OCLC)
Datos de opción del usuario WM
910 ## - DATOS DE OPCIÓN DEL USUARIO (OCLC)
Datos de opción del usuario Catalogación derivada / LC
Holdings
Estado de retiro Estado de pérdida Restricciones de uso No para préstamo Código de colección Localización permanente Ubicación/localización actual Ubicación en estantería Fecha de adquisición Número de inventario Total de préstamos Signatura topográfica completa Código de barras Fecha visto por última vez Precio válido a partir de Tipo de ítem Koha
        Monografías: Libros y Folletos General General Depósito 12.05.2010 LF1   N864.3 D218r, 1920 18639-10 25.06.2020 25.06.2020 Préstamo en sala

Powered by Koha